000 00701nam a2200229Ii 4500
003 JO-AjNU
008 230605s9999||||xx |||||||||||||| ||und||
017 _a2001/16178
020 _a977-02-6213-7
040 _aJO-AjNU
_bara
_erda
_cJO-AjNU
041 _aara
050 1 4 _aPJ7526.T2 2001
100 3 _aحسين،طه ,
_eauthor
_926548
245 0 0 _aفي الأدب الجاهلي
250 _aط17
264 3 1 _aالقاهرة: دار المعارف،2001
300 _a333ص
336 _atext
_btxt
_2rdacontent
337 _aunmediated
_bn
_2rdamedia
338 _avolume
_bnc
_2rdacarrier
650 4 _aالأدب الجاهلي-الأدب العربي-العصر الجاهلي
_926549
999 _aA10072
_c13640
_d13640